LEADER 01233nam a2200301 a 4500 001 000000125488 003 CaOOAMICUS 005 20110527104309.0 008 110527s2011 it u000 u ita r 020 $a978-88-08-05855-3 040 $aPUL$bita 082 04$a347.45 100 1 $aCuomo Ulloa, Francesca.$0(OLS)http://pul/name/79448 245 13$aLa mediazione nel processo civile riformato /$cFrancesca Cuomo Ulloa. 260 $aBologna :$bZanichelli,$c©2011. 300 $aVI, 270 p. ;$c25 cm. 490 1 $aStrumenti del diritto ;$v21 504 $aBibliografia p. [263]-270. 650 4$aMediazione (Diritto).$0(OLS)http://pul/subject/18433 830 0$aStrumenti del diritto ;$v21.$0(OLS)http://pul/title/136502 850 $aPUL 852 $aPUL$W1$xSL Diritto e Scienze Sociali 3$y79$m347. 45 CUOFR 1$j144532$qDDC 21$B143560$CPULBib$Z2$F143560 $H117298 $82 941 1 $a9 996 $6020$a978-88-08-05855-3$9(OLS)http://pul/number/147348 996 $6082$a347.45$9(OLS)http://pul/classification/384 996 $6245$aLa mediazione nel processo civile riformato$9(OLS)http://pul/title/158239 996 $6260$aBologna :$bZanichelli$9(OLS)http://pul/publisher/48255 LEADER 00992nam a2200265 u 4500 001 000000088045 003 CaOOAMICUS 005 20070226124454.0 008 051024s1962 be u000 u fre u 035 $a11065380 040 $aPUL(R)$bita 100 1 $aAllehaux, A.$0(OLS)http://pul/name/57321 245 10$aMonitions liturgiques /$cpar A. Allehaux. 250 $a3. ème ed. 260 $a[Bruges] :$bBiblica,$c1962. 300 $a170 p. ;$c25 cm 490 1 $aParoisse et liturgie ;$v37 504 $aComprende indicazioni bibliografiche. 650 4$aLiturgia.$0(OLS)http://pul/subject/2437 830 0$aParoisse et liturgie ;$v37.$0(OLS)http://pul/title/79022 850 $aPUL 852 $aPUL$W1$xDP1 Fondo Pastorale$y55$mP2 B 37$j111570$nBK-PRI$b $qFondi$B111570$CPULBib$Z2$F111570 $HPUL1563 $81 941 1 $a1 996 $6245$aMonitions liturgiques$9(OLS)http://pul/title/113837 996 $6260$a[Bruges] :$bBiblica$9(OLS)http://pul/publisher/77823